Cuộc tổng tiến công của quân giải phóng miền Nam Việt Nam năm 1968 Qua tư liệu lưu trữ của chính quyền Sài Gòn

Trình bày Tổng quan tổ chức chiến trường miền Nam. Tiến trình cuộc tổng tiến công năm 1968 của quân giải phóng miền Nam Việt Nam. Thắng lợi của cuộc tổng tiến công năm 1968 với cuộc đàm phám sơ bộ tại Pari...

Celý popis

Uloženo v:
Podrobná bibliografie
Hlavní autor: Nguyễn, Xuân Hoài
Další autoři: Phạm, Thị Huệ
Médium: Kniha
Jazyk:Undetermined
Vydáno: H. Chính trị Quốc gia - Sự thật 2015
Témata:
On-line přístup:http://lrc.tdmu.edu.vn/opac/search/detail.asp?aID=2&ID=24739
Tagy: Přidat tag
Žádné tagy, Buďte první, kdo otaguje tento záznam!
Thư viện lưu trữ: Trung tâm Học liệu Trường Đại học Thủ Dầu Một
LEADER 01304nam a2200229Ia 4500
001 TDMU_24739
008 210410s9999 xx 000 0 und d
082 |a 959.7043 
090 |b NG527 
100 |a Nguyễn, Xuân Hoài 
245 0 |a Cuộc tổng tiến công của quân giải phóng miền Nam Việt Nam năm 1968 
245 0 |b Qua tư liệu lưu trữ của chính quyền Sài Gòn 
245 0 |c Nguyễn Xuân Hoài (ch.b.), Phạm Thị Huệ, Bùi Thượng Hải 
260 |a H. 
260 |b Chính trị Quốc gia - Sự thật 
260 |c 2015 
300 |a 398tr. 
520 |a Trình bày Tổng quan tổ chức chiến trường miền Nam. Tiến trình cuộc tổng tiến công năm 1968 của quân giải phóng miền Nam Việt Nam. Thắng lợi của cuộc tổng tiến công năm 1968 với cuộc đàm phám sơ bộ tại Pari 
650 |a Lịch sử  |x Kháng chiến chống Mỹ  |z Việt Nam; Lịch sử Việt Nam  |x Tổng tiến công mùa xuân 1968 
700 |a Phạm, Thị Huệ 
856 |u http://lrc.tdmu.edu.vn/opac/search/detail.asp?aID=2&ID=24739 
980 |a Trung tâm Học liệu Trường Đại học Thủ Dầu Một